Informe del Instituto literario al supremo gobierno del estado por lo relativo al año escolar concluido el 27 de agosto de 1851

Detalles Bibliográficos
Formato: Libro
Publicado: Zacatecas s.d.
Materias:
Colección:Banco de datos
Acervo:Biblioteca del Ex Convento de Nuestra Señora de Guadalupe. Zacatecas
Tema general:Pedagogía
Notas:Buena. XXII,3,23 (6766). Encuadernado con once obras más
LEADER 00747nam a22001810004500
035 |a 43537 
036 |a 4721 
245 1 0 |a Informe del Instituto literario al supremo gobierno del estado por lo relativo al año escolar concluido el 27 de agosto de 1851 
260 |a Zacatecas  |b imp. J. Inés Villagran  |c s.d. 
500 |a Buena. XXII,3,23 (6766). Encuadernado con once obras más 
650 1 0 |a Pedagogía 
949 |a CRZ-CG 
959 |a Ex convento de Nuestra Señora de Guadalupe, Museo Regional de Zacatecas, Zacatecas  |b CCC4 
960 |a Convento de Nuestra Señora de Guadalupe, Zacatecas  |b DD87 
961 |a Franciscana  |b OF 
942 |c CRZ-CG 
943 |g Biblioteca del Ex Convento de Nuestra Señora de Guadalupe. Zacatecas 
999 |c 967664  |d 967664